1960s Albums (Hard) - Statistics

General Stats
  • This quiz has been taken 455 times
    409 since last reset
  • The average score is 8 of 20
Answer Stats
Picture Answer % Correct
In The Court of the Crimson King - King Crimson
80%
In a Silent Way - Miles Davis
59%
Strange Days - The Doors
58%
Silk & Soul - Nina Simone
53%
At Last! - Etta James
51%
The Dock of the Bay - Otis Redding
49%
Sunshine Superman - Donovan
41%
Mr. Tambourine Man - The Byrds
40%
Trout Mask Replica - Captain Beefheart and his Magic Band
40%
Bayou Country - Creedence Clearwater Revival
39%
Chicago Transit Authority - Chicago
37%
In the Groove - Marvin Gaye
37%
A Date With The Everly Brothers - The Everly Brothers
33%
Gettin' Ready - The Temptations
33%
Live at the Apollo - James Brown
33%
Buffalo Springfield - Buffalo Springfield
31%
River Deep - Mountain High - Ike & Tina Turner
31%
Having a Rave Up With the Yardbirds - The Yardbirds
24%
Going to a Go-Go - Smokey Robinson & the Miracles
23%
Blood, Sweat & Tears - Blood, Sweat & Tears
13%
No matching quizzes found
Score Distribution
Percent of People with Each Score
Percentile by Number Answered
Your Score History
You have not taken this quiz since the last reset